Countries of the World in All Featured Languages - With Less Typing - Statistics

General Stats
  • This quiz has been taken 43 times
  • The average score is 1022 of 1764
Answers on the Map
Answers color-coded by a green-red scale on the quiz's map according to % correct below.
 
Answer Stats
Country % Correct
Afghanistan
100%
Albania
100%
Albânia
100%
Algeria
100%
Algieria
100%
Andorra
100%
Angola
100%
Antigua and Barbuda
100%
Argentina
100%
Armenia
100%
Armênia
100%
Australia
100%
Austrália
100%
Austria
100%
Áustria
100%
Azerbaijan
100%
Bahamas
100%
Bahama's
100%
Bahrain
100%
Bangladesh
100%
Barbados
100%
Belarus
100%
Belgium
100%
Belize
100%
Benin
100%
Benín
100%
Bénin
100%
Bhutan
100%
Bolivia
100%
Bolívia
100%
Bosnia and Herzegovina
100%
Botswana
100%
Brazil
100%
Brunei
100%
Brunéi
100%
Bulgaria
100%
Bułgaria
100%
Bulgária
100%
Burkina Faso
100%
Burundi
100%
Cambodia
100%
Cameroon
100%
Canada
100%
Canadá
100%
Cape Verde
100%
Central African Republic
100%
Chad
100%
Chile
100%
China
100%
Colombia
100%
Colômbia
100%
Comoros
100%
Costa Rica
100%
Croatia
100%
Cuba
100%
Cyprus
100%
Czech Republic
100%
Democratic Republic of the Congo
100%
Denmark
100%
Djibouti
100%
Dominica
100%
Dominican Republic
100%
East Timor
100%
Ecuador
100%
Egypt
100%
El Salvador
100%
Equatorial Guinea
100%
Eritrea
100%
Estonia
100%
Estônia
100%
Eswatini
100%
Ethiopia
100%
Federated States of Micronesia
100%
Fiji
100%
Finland
100%
France
100%
Gabon
100%
Gabón
100%
Gambia
100%
Gâmbia
100%
Georgia
100%
Geórgia
100%
Germany
100%
Ghana
100%
Greece
100%
Grenada
100%
Guatemala
100%
Guinea
100%
Guinea-Bissau
100%
Guyana
100%
Haiti
100%
Haïti
100%
Haití
100%
Honduras
100%
Hungary
100%
Iceland
100%
India
100%
Índia
100%
Indonesia
100%
Indonésia
100%
Iran
100%
Irán
100%
Iraq
100%
Ireland
100%
Israel
100%
Israël
100%
Italy
100%
Ivory Coast
100%
Jamaica
100%
Japan
100%
Jordan
100%
Kazakhstan
100%
Kenya
100%
Kiribati
100%
Kosovo
100%
Kuwait
100%
Kyrgyzstan
100%
Laos
100%
Latvia
100%
Lebanon
100%
Lesotho
100%
Liberia
100%
Libéria
100%
Libya
100%
Liechtenstein
100%
Lithuania
100%
Luxembourg
100%
Madagascar
100%
Madagáscar
100%
Malawi
100%
Malaysia
100%
Maldives
100%
Mali
100%
Malí
100%
Malta
100%
Marshall Islands
100%
Mauritania
100%
Mauritânia
100%
Mauritius
100%
Mexico
100%
México
100%
Moldova
100%
Monaco
100%
Mónaco
100%
Mônaco
100%
Mongolia
100%
Mongólia
100%
Montenegro
100%
Monténégro
100%
Morocco
100%
Mozambique
100%
Myanmar
100%
Namibia
100%
Namíbia
100%
Nauru
100%
Nepal
100%
Népal
100%
Netherlands
100%
New Zealand
100%
Nicaragua
100%
Nicarágua
100%
Niger
100%
Níger
100%
Nigeria
100%
Nigéria
100%
North Korea
100%
North Macedonia
100%
Norway
100%
Oman
100%
Omán
100%
Pakistan
100%
Pakistán
100%
Palau
100%
Panama
100%
Panamá
100%
Papua New Guinea
100%
Paraguay
100%
Peru
100%
Perú
100%
Perù
100%
Philippines
100%
Poland
100%
Portugal
100%
Qatar
100%
Republic of the Congo
100%
Romania
100%
Russia
100%
Rússia
100%
Rwanda
100%
Saint Kitts and Nevis
100%
Saint Lucia
100%
Saint Vincent and the Grenadines
100%
Samoa
100%
San Marino
100%
São Tomé and Príncipe
100%
Saudi Arabia
100%
Saudi-Arabia
100%
Senegal
100%
Sénégal
100%
Serbia
100%
Seychelles
100%
Sierra Leona
100%
Sierra Leone
100%
Singapore
100%
Slovakia
100%
Slovenia
100%
Solomon Islands
100%
Somalia
100%
Somália
100%
South Africa
100%
South Korea
100%
South Sudan
100%
Spain
100%
Sri Lanka
100%
Sudan
100%
Sudán
100%
Suriname
100%
Sweden
100%
Switzerland
100%
Syria
100%
Taiwan
100%
Taiwán
100%
Taïwan
100%
Tajikistan
100%
Tanzania
100%
Tanzânia
100%
Thailand
100%
Togo
100%
Tonga
100%
Trinidad and Tobago
100%
Tunisia
100%
Tunísia
100%
Turkey
100%
Turkmenistan
100%
Turkmenistán
100%
Turkménistan
100%
Tuvalu
100%
Uganda
100%
Ukraine
100%
United Arab Emirates
100%
United Kingdom
100%
United States
100%
Uruguay
100%
Uzbekistan
100%
Uzbekistán
100%
Vanuatu
100%
Vatican City
100%
Venezuela
100%
Vietnam
100%
Viêt Nam
100%
Yemen
100%
Yémen
100%
Zambia
100%
Zâmbia
100%
Zimbabwe
100%
Etats-Unis
55%
Stati Uniti
48%
Finnland
45%
Luxemburg
45%
Stany Zjednoczone
45%
Vereinigte Staaten
45%
Yhdysvallat
45%
Belgia
42%
Brasil
42%
Democratische Republiek Congo
42%
Deutschland
42%
España
42%
Guiné
42%
Guinée
42%
Irak
42%
Irão
42%
Italia
42%
Itália
42%
Italië
42%
Italie
42%
Micronesia
42%
Repubblica del Congo
42%
Repubblica Democratica del Congo
42%
República del Congo
42%
República Democrática del Congo
42%
República Democrática do Congo
42%
República do Congo
42%
Republiek Congo
42%
République démocratique du Congo
42%
République du Congo
42%
Soedan
42%
Antigua e Barbuda
39%
Antígua e Barbuda
39%
Antigua en Barbuda
39%
Antigua-et-Barbuda
39%
Antigua i Barbuda
39%
Antigua ja Barbuda
39%
Antigua und Barbuda
39%
Antigua y Barbuda
39%
België
39%
Bosnia ed Erzegovina
39%
Bósnia e Herzegovina
39%
Bośnia i Hercegowina
39%
Bosnia ja Hertsegovina
39%
Bosnia y Herzegovina
39%
Vatican
39%
Birma
36%
Bosnië en Herzegovina
36%
Holandia
36%
Îles Marshall
36%
Ilhas Marshall
36%
Island
36%
Islas Salomón
36%
Isole Marshall
36%
Libye
36%
Luxemburg
36%
Moldavie
36%
Österreich
36%
Salomon
36%
Albanië
33%
Albanie
33%
Alemania
33%
Bahrein
33%
Bangladés
33%
Bosnie-Herzégovine
33%
Comores
33%
Côte d'Ivoire
33%
Francia
33%
Guinea
33%
Irak
33%
Kazajistán
33%
Luxemburg
33%
Mongolei
33%
Mongolië
33%
Mongolie
33%
Republika Zielonego Przylądka
33%
Russie
33%
Saint Vincent e Grenadine
33%
Saint Vincent en de Grenadines
33%
Saint-Vincent-et-les- Grenadines
33%
Saint Vincent i Grenadyny
33%
Saint Vincent ja Grenadiinit
33%
Santa Lucia
33%
Sao Tomé en Principe
33%
Sao Tome e Principe
33%
São Tomé e Príncipe
33%
Sao Tomé-et-Principe
33%
São Tomé ja Príncipe
33%
São Tomé und Príncipe
33%
St. Vincent und die Grenadinen
33%
Syrië
33%
Syrie
33%
Trinidad en Tobago
33%
Trinidad e Tobago
33%
Trinidad ja Tobago
33%
Trinidad und Tobago
33%
Trinidad y Tobago
33%
Trinité-et-Tobago
33%
Algérie
30%
Algerije
30%
Australië
30%
Australie
30%
Bielorrusia
30%
Bielorrússia
30%
Bolivie
30%
Costa de Marfil
30%
Croatie
30%
Dänemark
30%
Elfenbeinküste
30%
Estados Federados da Micronésia
30%
Frankreich
30%
Indonesië
30%
Indonésie
30%
Irland
30%
Kanada
30%
Kazakistan
30%
Macedonia del Norte
30%
Macedonia Północna
30%
Moldávia
30%
Oost-Timor
30%
Osttimor
30%
Serbie
30%
Timor oriental
30%
Weißrussland
30%
Allemagne
27%
Andorre
27%
Argentine
27%
Armenië
27%
Arménie
27%
Bahrajn
27%
Biélorussie
27%
Birmania
27%
Birmânia
27%
Birmanie
27%
Botsuana
27%
Cabo Verde
27%
Camerún
27%
Camerun
27%
Cap-Vert
27%
Catar
27%
Chade
27%
Costa d'Avorio
27%
Costa do Marfim
27%
Cypr
27%
Estados Federados de Micronesia
27%
Estonie
27%
Ethiopië
27%
Éthiopie
27%
Figi
27%
França
27%
Guinée-Bissau
27%
Itä-Timor
27%
Ivoorkust
27%
Japón
27%
Japon
27%
Katar
27%
Kenia
27%
Kroatia
27%
Kuba
27%
Kuweit
27%
Kuwejt
27%
Liban
27%
Liettua
27%
Macedonia del Nord
27%
Macedónia do Norte
27%
Madagaskar
27%
Maldive
27%
Nederland
27%
Norsunluurannikko
27%
Omã
27%
Palaos
27%
Russland
27%
Saint-Christophe- et-Niévès
27%
Stati Federati di Micronesia
27%
St. Kitts und Nevis
27%
St. Lucia
27%
Surinam
27%
Tadzjikistan
27%
Tanzanie
27%
Thaïlande
27%
Timor-Leste
27%
Wybrzeże Kości Słoniowej
27%
Afganistán
24%
Argentyna
24%
Bielorussia
24%
Brazilië
24%
Bulgarie
24%
Bulgarije
24%
Bután
24%
Chili
24%
Chiny
24%
Ciudad del Vaticano
24%
Colombie
24%
Demokratische Republik Kongo
24%
Demokratyczna Republika Konga
24%
Espagne
24%
Finlandia
24%
Finlândia
24%
Georgië
24%
Géorgie
24%
Granada
24%
Grecia
24%
Grécia
24%
Guinee-Bissau
24%
Haïti
24%
Hungría
24%
Italien
24%
Jordanië
24%
Jordanie
24%
Kirghizistan
24%
Kirguistán
24%
Kongo
24%
Kongon demokraattinen tasavalta
24%
Kongon tasavalta
24%
Líbano
24%
Libano
24%
Lituanie
24%
Marokko
24%
Namibië
24%
Namibie
24%
Polonia
24%
Polônia
24%
Republik Kongo
24%
Ruanda
24%
Saint Kitts e Nevis
24%
Saint Kitts en Nevis
24%
Saint Kitts i Nevis
24%
Saint Kitts ja Nevis
24%
Saoedi-Arabië
24%
Schweiz
24%
Suazilandia
24%
Swasiland
24%
Swaziland
24%
Tadjikistan
24%
Tchad
24%
Tunisie
24%
Afganistan
21%
Azerbaiyán
21%
Belgien
21%
Belgique
21%
Cameroun
21%
Centraal-Afrikaanse Republiek
21%
Chine
21%
Città del Vaticano
21%
Dominicaanse Republiek
21%
Estados Unidos
21%
Filipinas
21%
Guinee
21%
Indie
21%
Jordania
21%
Jordânia
21%
Kamerun
21%
Kirghizistan
21%
Litauen
21%
Madagaskar
21%
Malaui
21%
Mauritanië
21%
Mauritanie
21%
Niederlande
21%
Noord-Korea
21%
Nordkorea
21%
Polen
21%
República Dominicana
21%
Rusia
21%
Singapur
21%
Slovenië
21%
Slovénie
21%
Somalië
21%
Somalie
21%
Suisse
21%
Tagikistan
21%
Tayikistán
21%
Turkije
21%
Vaticano
21%
Vatikanstadt
21%
Zimbábue
21%
Albanien
18%
Argentinië
18%
Azerbaïdjan
18%
Bahama
18%
Belgia
18%
Bosnien und Herzegowina
18%
Brasilia
18%
Comoras
18%
Corea del Norte
18%
Corea del Sur
18%
Dominika
18%
Dominique
18%
Egypte
18%
Égypte
18%
Estados Unidos
18%
Gambie
18%
Inde
18%
Irlanda
18%
Islandia
18%
Islândia
18%
Kazakstan
18%
Kroatië
18%
Lesoto
18%
Libia
18%
Líbia
18%
Libyen
18%
Malte
18%
Maroc
18%
Marokko
18%
Maroko
18%
Mexique
18%
Micronésie
18%
Moldavia
18%
Nueva Zelanda
18%
Papouasie-Nouvelle- Guinée
18%
Papua-Neuguinea
18%
Papua Nueva Guinea
18%
Papua-Uusi-Guinea
18%
Pays-Bas
18%
Polska
18%
Royaume-Uni
18%
Rumania
18%
Santa Lucía
18%
Santa Lúcia
18%
São Vicente e Granadinas
18%
Serbien
18%
Spanien
18%
Spanje
18%
Südkorea
18%
Südsudan
18%
Sud Sudan
18%
Suecia
18%
Suécia
18%
Swazimaa
18%
Turquía
18%
Turquia
18%
Zambie
18%
Zuid-Korea
18%
Zuid-Soedan
18%
Andora
15%
Argentinien
15%
Azerbeidzjan
15%
Bahrein
15%
Bahreïn
15%
Baréin
15%
Benim
15%
Bolivien
15%
Brasilien
15%
Bulgarien
15%
Comores
15%
Danemark
15%
Egipt
15%
Equador
15%
Etiopía
15%
Etiopia
15%
Etiópia
15%
Filipinas
15%
Finlande
15%
Germania
15%
Grèce
15%
Griechenland
15%
Guiné-Bissau
15%
Indien
15%
Indonesien
15%
Islande
15%
Islas Marshall
15%
Jamaika
15%
Jemen
15%
Kap Verde
15%
Kirgisia
15%
Kirgisistan
15%
Kirgistan
15%
Kirgizië
15%
Koeweit
15%
Kroatien
15%
Letonia
15%
Letónia
15%
Libanon
15%
Lussemburgo
15%
Luxemburgo
15%
Malaisie
15%
Mexiko
15%
Moçambique
15%
Mosambik
15%
Noord-Macedonië
15%
Norvège
15%
Nova Zelândia
15%
Pérou
15%
République Centrafricaine
15%
Roumanie
15%
Rumänien
15%
Sainte-Lucie
15%
Sambia
15%
Schweden
15%
Serbia
15%
Siria
15%
Síria
15%
Slowakije
15%
Sudáfrica
15%
Sudafrica
15%
Südafrika
15%
Suède
15%
Suomi
15%
Syrien
15%
Tansania
15%
Thailandia
15%
Türkei
15%
Turquie
15%
Ungarn
15%
Vietname
15%
Zuid-Afrika
15%
Ägypten
12%
Algerien
12%
Arabie Saoudite
12%
Armenien
12%
Australien
12%
Barbade
12%
Bélgica
12%
Bhoutan
12%
Brésil
12%
Cambodge
12%
Chipre
12%
Croacia
12%
Croácia
12%
Dinamarca
12%
Egipto
12%
Egypti
12%
Emiratos Árabes Unidos
12%
Émirats arabes unis
12%
Espanja
12%
Estland
12%
Fidji
12%
Föderierte Staaten von Mikronesien
12%
Granada
12%
Griekenland
12%
Guiana
12%
Irlande
12%
Irlandia
12%
Kypros
12%
Lettland
12%
Lettonie
12%
Luxemburgo
12%
Maldivas
12%
Maurícia
12%
Mjanma
12%
Monako
12%
Nieuw-Zeeland
12%
Nordmazedonien
12%
Noruega
12%
Norvegia
12%
Nouvelle-Zélande
12%
Oeganda
12%
Países Bajos
12%
Palaos
12%
Papoea-Nieuw-Guinea
12%
Papua Nova Guiné
12%
Papua-Nowa Gwinea
12%
Pohjois-Makedonia
12%
Reino Unido
12%
República Centroafricana
12%
República Centro-Africana
12%
República Checa
12%
Salvador
12%
Santo Tomé y Príncipe
12%
Saudi-Arabien
12%
Simbabwe
12%
Singapour
12%
Slovaquie
12%
Slowenien
12%
Soudan
12%
Soudan du Sud
12%
Sudán del Sur
12%
Suiza
12%
Tailandia
12%
Tailândia
12%
Tschad
12%
Usbekistan
12%
Vereinigtes Königreich
12%
Verenigd Koninkrijk
12%
Viro
12%
Afrique du Sud
9%
Alemanha
9%
Arabia Saudita
9%
Argelia
9%
Argélia
9%
Aserbaidschan
9%
Äthiopien
9%
Autriche
9%
Bangladesch
9%
Belice
9%
Camboya
9%
Cina
9%
Comoren
9%
Corea del Nord
9%
Corée du Nord
9%
Corée du Sud
9%
Dominikanische Republik
9%
Duitsland
9%
Emirados Árabes Unidos
9%
Emirati Arabi Uniti
9%
Équateur
9%
Eslovaquia
9%
Eslováquia
9%
Eslovenia
9%
Eslovénia
9%
Essuatíni
9%
Fiyi
9%
Gabun
9%
Georgien
9%
Grenade
9%
Guinea Ecuatorial
9%
Guiné Equatorial
9%
Hungria
9%
Iraque
9%
Isole Salomone
9%
Jordanien
9%
Kolumbia
9%
Kolumbien
9%
Komoren
9%
Lettonia
9%
Libië
9%
Lituania
9%
Lituânia
9%
Macédoine du Nord
9%
Malasia
9%
Malásia
9%
Maldiven
9%
Malediven
9%
Marruecos
9%
Marshallinseln
9%
Mauretanien
9%
Mauricio
9%
Meksiko
9%
Mikronesia
9%
Moldawien
9%
Neuseeland
9%
Niemcy
9%
Norwegia
9%
Nuova Zelanda
9%
Ouganda
9%
Ouzbékistan
9%
Países Baixos
9%
Pologne
9%
Portugali
9%
Repubblica Ceca
9%
République tchèque
9%
Rusland
9%
Saint-Marin
9%
San Cristóbal y Nieves
9%
San Vicente y las Granadinas
9%
Singapura
9%
Suíça
9%
Timor Est
9%
Timor Oriental
9%
Tunesië
9%
Tunesien
9%
Túnez
9%
Ucrania
9%
Ucrânia
9%
Ukraina
9%
Zentralafrikanische Republik
9%
Zimbabue
9%
África do Sul
6%
Äquatorial-Guinea
6%
Arabia Saudita
6%
Arábia Saudita
6%
Argentiina
6%
Bahamy
6%
Boliwia
6%
Camboja
6%
Capo Verde
6%
Chypre
6%
Cile
6%
Croazia
6%
Dschibuti
6%
Egito
6%
Érythrée
6%
Espanha
6%
Fidschi
6%
Fidżi
6%
Fidži
6%
Gabão
6%
Gana
6%
Giamaica
6%
Guinée équatoriale
6%
Hongrie
6%
Iémen
6%
Ierland
6%
Île Maurice
6%
Islanda
6%
Jamaïque
6%
Kambodscha
6%
Kasachstan
6%
Kazachstan
6%
Kosowo
6%
Koweït
6%
Luksemburg
6%
Malesia
6%
Moldavië
6%
Mozambik
6%
Noorwegen
6%
Norwegen
6%
Paraguai
6%
Philippinen
6%
Pohjois-Korea
6%
Puola
6%
Quênia
6%
Repubblica Dominicana
6%
República Dominicana
6%
République dominicaine
6%
Saksa
6%
Salomonen
6%
Sérvia
6%
Seychellen
6%
Slowakei
6%
Spagna
6%
Tadschikistan
6%
Tšad
6%
Tschechien
6%
Ucraina
6%
Uruguai
6%
Vereinigte Arabische Emirate
6%
Verenigde Arabische Emiraten
6%
Wielka Brytania
6%
Yibuti
6%
Zypern
6%
Afeganistão
3%
Alankomaat
3%
Azerbaidžan
3%
Azerbaijão
3%
Belgio
3%
Białoruś
3%
Brasile
3%
Butão
3%
Cambodja
3%
Cazaquistão
3%
Chorwacja
3%
Ciad
3%
Cipro
3%
Corea del Sud
3%
Coreia do Norte
3%
Coreia do Sul
3%
Czechy
3%
Dania
3%
Dominikaaninen tasavalta
3%
Dominikana
3%
Dżibuti
3%
Eritreia
3%
Erytrea
3%
Etelä-Afrikka
3%
Etelä-Korea
3%
Etelä-Sudan
3%
Filippiinit
3%
Francja
3%
Frankrijk
3%
Giappone
3%
Giordania
3%
Grecja
3%
Guinea Equatoriale
3%
Hiszpania
3%
Ilhas Salomão
3%
Intia
3%
Irlanti
3%
Islanti
3%
Israele
3%
Itävalta
3%
Izrael
3%
Japani
3%
Japão
3%
Japonia
3%
Kambodża
3%
Kambodža
3%
Keski-Afrikan tasavalta
3%
Kiina
3%
Kolumbia
3%
Komorit
3%
Korea Północna
3%
Kreikka
3%
Kuuba
3%
Letland
3%
Litwa
3%
Łotwa
3%
Malediivit
3%
Marocco
3%
Marshallinsaaret
3%
Messico
3%
Mołdawia
3%
Norja
3%
Päiväntasaajan Guinea
3%
Paquistão
3%
Portogallo
3%
Portugalia
3%
Quirguistão
3%
Ranska
3%
Regno Unito
3%
Repubblica Centrafricana
3%
Republika Środkowoafrykańska
3%
Rosja
3%
Rumunia
3%
Ruotsi
3%
Salomonsaaret
3%
Serra Leoa
3%
Seychellit
3%
Slovacchia
3%
Sudão
3%
Sudão do Sul
3%
Sveitsi
3%
Svezia
3%
Syyria
3%
Szwajcaria
3%
Szwecja
3%
Tadžikistan
3%
Tajiquistão
3%
Tanska
3%
Thaimaa
3%
Trynidad i Tobago
3%
Tšekki
3%
Tsjaad
3%
Turchia
3%
Turcja
3%
Turkki
3%
Turquemenistão
3%
Ungheria
3%
Unkari
3%
Uusi-Seelanti
3%
Uzbequistão
3%
Valko-Venäjä
3%
Vaticaanstad
3%
Vatikaanivaltio
3%
Venäjä
3%
Verenigde Staten
3%
Watykan
3%
Węgry
3%
Wenezuela
3%
Wietnam
3%
Włochy
3%
Yhdistyneet arabiemiirikunnat
3%
Yhdistynyt kuningaskunta
3%
Zjednoczone Emiraty Arabskie
3%
Arabia Saudyjska
0%
Azerbejdżan
0%
Bangladesz
0%
Brazylia
0%
Camarões
0%
Cambogia
0%
Czad
0%
Czarnogóra
0%
Danimarca
0%
Denemarken
0%
Egitto
0%
Ekwador
0%
Equatoriaal-Guinea
0%
Filipijnen
0%
Filipiny
0%
Filippine
0%
Gibuti
0%
Gruzja
0%
Gujana
0%
Gwatemala
0%
Gwinea
0%
Gwinea Bissau
0%
Gwinea Równikowa
0%
Hongarije
0%
IJsland
0%
Indonezja
0%
Jamajka
0%
Kaapverdië
0%
Kameroen
0%
Kazachstan
0%
Komory
0%
Korea Południowa
0%
Kostaryka
0%
Litouwen
0%
Malediwy
0%
Maleisië
0%
Malezja
0%
Marrocos
0%
Marshalleilanden
0%
Mauretania
0%
Meksyk
0%
Mikronezja
0%
Mozambico
0%
Nikaragua
0%
Nowa Zelandia
0%
Oekraïne
0%
Oezbekistan
0%
Oostenrijk
0%
Paesi Bassi
0%
Papua Nuova Guinea
0%
Paragwaj
0%
Republika Południowej Afryki
0%
Roemenië
0%
Romênia
0%
Salomonseilanden
0%
Salwador
0%
São Cristóvão e Nevis
0%
Servië
0%
Seszele
0%
Słowacja
0%
Słowenia
0%
Sudan Południowy
0%
Svizzera
0%
Tadżykistan
0%
Tajlandia
0%
Tajwan
0%
Timor Wschodni
0%
Tsjechië
0%
Tunezja
0%
Urugwaj
0%
Wyspy Marshalla
0%
Wyspy Salomona
0%
Wyspy Świętego Tomasza i Książeca
0%
Zweden
0%
Zwitserland
0%
No matching quizzes found
Score Distribution
Percent of People with Each Score
Percentile by Number Answered
Your Score History
You have not taken this quiz